[Event "COL-chT Blitz"]
[Site "Santander"]
[Date "2022.09.10"]
[Round "2.1"]
[White "Rodriguez Velasco, German Enrique"]
[Black "Rincon R, Javier Duvan"]
[Result "1-0"]
[WhiteElo "2151"]
[BlackElo "1913"]
[PlyCount "41"]
[EventDate "2022.09.10"]
[EventType "team-swiss (blitz)"]
[EventRounds "9"]
[EventCountry "COL"]
[SourceTitle "EXT 2023"]
[Source "ChessBase"]
[SourceDate "2022.10.05"]
[SourceVersion "1"]
[SourceVersionDate "2022.10.05"]
[SourceQuality "1"]
[WhiteTeam "Boyaca"]
[BlackTeam "Santander Gladiatores"]
[WhiteTeamCountry "COL"]
[BlackTeamCountry "COL"]

1. d4 Nf6 2. Nf3 e6 3. c4 b6 4. g3 Ba6 5. Nbd2 Be7 6. Bg2 0-0 7. 0-0 d5 8. cxd5 Nxd5 9. Ne5 c5 10. Ndf3 Qc7 11. e4 Bxf1 12. Bxf1 Nf6 13. Bf4 Qb7 14. Bg2 Rd8 15. Qa4 b5 16. Qc2 cxd4 17. Nxf7 Kxf7 18. Ng5+ Kg8 19. e5 Nd5 20. Qxh7+ Kf8 21. Qh8# 1-0

[Event "Bogota Bonita op"]
[Site "Bogota"]
[Date "2019.09.26"]
[Round "1"]
[White "Rincon R, Javier Duvan"]
[Black "Rogeles Sanchez, Sebastian"]
[Result "1-0"]
[WhiteElo "1896"]
[BlackElo "1600"]
[PlyCount "75"]
[EventDate "2019.09.26"]
[EventType "swiss"]
[EventRounds "7"]
[EventCountry "COL"]
[SourceTitle "EXT 2020"]
[Source "ChessBase"]
[SourceDate "2019.10.17"]
[SourceVersion "1"]
[SourceVersionDate "2019.10.17"]
[SourceQuality "1"]

1. e4 e5 2. Bc4 Nf6 3. d3 Nc6 4. Nc3 a6 5. a3 g6 6. f4 d6 7. Nf3 Be6 8. Bxe6 fxe6 9. fxe5 Nd7 10. exd6 Bxd6 11. Bh6 Nde5 12. 0-0 Ng4 13. Bg5 Be7 14. Bxe7 Qxe7 15. Qd2 0-0-0 16. b4 Qd6 17. Qg5 Nce5 18. Nxe5 Nxe5 19. Ne2 h6 20. Qg3 g5 21. d4 Nc4 22. Qc3 Nb6 23. Rf7 Rd7 24. Raf1 Rxf7 25. Rxf7 Rf8 26. Rxf8+ Qxf8 27. Qb3 Qf6 28. a4 e5 29. Qg8+ Kd7 30. a5 Nc8 31. Qd5+ Qd6 32. dxe5 Qxd5 33. exd5 Ne7 34. c4 g4 35. Kf2 Ng6 36. e6+ Ke7 37. Ke3 b6 38. b5 1-0

[Event "Santander Departamental-ch"]
[Site "Santander"]
[Date "2018.12.29"]
[Round "4"]
[White "Rincon R, Javier Duvan"]
[Black "Virviescas Sanchez, Christian Stewart"]
[Result "1-0"]
[WhiteElo "1896"]
[BlackElo "1548"]
[PlyCount "36"]
[EventDate "2018.12.27"]
[EventType "swiss"]
[EventRounds "7"]
[EventCountry "COL"]
[SourceTitle "EXT 2020"]
[Source "ChessBase"]
[SourceDate "2019.10.17"]
[SourceVersion "1"]
[SourceVersionDate "2019.10.17"]
[SourceQuality "1"]

1. e4 c5 2. Nf3 Nc6 3. d4 cxd4 4. Nxd4 e5 5. Nb5 a6 6. Nd6+ Bxd6 7. Qxd6 Qf6 8. Qxf6 Nxf6 9. Bd3 Nb4 10. Nc3 Nxd3+ 11. cxd3 h6 12. 0-0 0-0 13. f4 d6 14. fxe5 dxe5 15. Bxh6 Ng4 16. Bc1 f5 17. h3 Nh6 18. Nd5 Kh7 1-0

[Event "COL-ch Superate fin-B"]
[Site "Bogota"]
[Date "2016.11.15"]
[Round "1.5"]
[White "Rincon R, Javier Duvan"]
[Black "Velez Dilbert, Brayan Stiven"]
[Result "1-0"]
[WhiteElo "1865"]
[BlackElo "1714"]
[PlyCount "25"]
[EventDate "2016.11.15"]
[EventType "swiss"]
[EventRounds "5"]
[EventCountry "COL"]
[SourceTitle "EXT 2024"]
[Source "ChessBase"]
[SourceDate "2023.10.10"]
[SourceVersion "1"]
[SourceVersionDate "2023.10.10"]
[SourceQuality "1"]

1. e4 e5 2. Bc4 Nf6 3. d3 Nc6 4. Nc3 Bb4 5. Nge2 d6 6. a3 Bxc3+ 7. Nxc3 a6 8. 0-0 0-0 9. Bg5 Be6 10. Nd5 h6 11. Nxf6+ gxf6 12. Bxh6 Bxc4 13. Qg4+ 1-0

[Event "Bogota Superate Cat B Avanzado"]
[Site "Bogota"]
[Date "2015.10.12"]
[Round "1.8"]
[White "Diaz, Camilo Andres"]
[Black "Rincon R, Javier Duvan"]
[Result "0-1"]
[WhiteElo "1554"]
[BlackElo "1850"]
[PlyCount "90"]
[EventDate "2015.10.12"]
[EventType "swiss"]
[EventRounds "5"]
[EventCountry "COL"]
[SourceTitle "EXT 2024"]
[Source "ChessBase"]
[SourceDate "2023.10.10"]
[SourceVersion "1"]
[SourceVersionDate "2023.10.10"]
[SourceQuality "1"]

1. e4 c5 2. Nf3 d6 3. Bc4 e6 4. Nc3 a6 5. a4 Nf6 6. d3 Qc7 7. 0-0 b6 8. Re1 Nbd7 9. Bg5 Be7 10. Bf4 Bb7 11. h3 Rc8 12. Qe2 0-0 13. Rad1 Rfe8 14. g4 h6 15. g5 Nh5 16. Be3 hxg5 17. Nxg5 Bxg5 18. Qxh5 Bf6 19. Bg5 g6 20. Qh4 Ne5 21. Re3 Bxg5 22. Qxg5 Qd8 23. Qxd8 Rcxd8 24. f4 Nc6 25. Rd2 Kf8 26. Rf2 Nd4 27. Nd1 b5 28. axb5 axb5 29. Ba2 Ra8 30. Bb3 Ra1 31. Rd2 Rea8 32. Kf2 Rb1 33. h4 Raa1 34. Re1 Ke7 35. Ke3 Rxb2 36. Nxb2 Rxe1+ 37. Kf2 Rh1 38. Kg3 Rxh4 39. Kxh4 Nf3+ 40. Kg4 Nxd2 41. Ba2 f5+ 42. exf5 gxf5+ 43. Kg3 Nf3 44. c4 bxc4 45. Nxc4 Nd4 0-1

[Event "Bogota Superate Intercol Adv"]
[Site "Bogota"]
[Date "2014.10.24"]
[Round "3.6"]
[White "Rincon R, Javier Duvan"]
[Black "Gonzalez Quinones, Dalexy"]
[Result "1-0"]
[WhiteElo "1762"]
[BlackElo "1547"]
[PlyCount "89"]
[EventDate "2014.10.24"]
[EventType "swiss (blitz)"]
[EventRounds "8"]
[EventCountry "COL"]
[SourceTitle "EXT 2024"]
[Source "ChessBase"]
[SourceDate "2023.10.10"]
[SourceVersion "1"]
[SourceVersionDate "2023.10.10"]
[SourceQuality "1"]

1. e4 e5 2. Nf3 Nc6 3. Bb5 a6 4. Ba4 b5 5. Bb3 Nf6 6. d3 d6 7. h3 Be6 8. Bxe6 fxe6 9. 0-0 Be7 10. Re1 0-0 11. c3 d5 12. exd5 exd5 13. Nxe5 Nxe5 14. Rxe5 Bd6 15. Re1 Re8 16. Be3 h6 17. Nd2 c6 18. Nf3 Nd7 19. a4 Ne5 20. Nxe5 Bxe5 21. axb5 cxb5 22. Bc5 Bh2+ 23. Kxh2 Qc7+ 24. Kg1 Qxc5 25. Rxe8+ Rxe8 26. Rxa6 b4 27. d4 Qc4 28. Ra4 Qe2 29. Qxe2 Rxe2 30. Rxb4 Kf7 31. Rb6 Re6 32. Rxe6 Kxe6 33. b3 g5 34. c4 dxc4 35. bxc4 Kd6 36. c5+ Kd5 37. g3 h5 38. f4 gxf4 39. gxf4 Kc6 40. f5 Kd7 41. d5 Ke7 42. d6+ Kd7 43. f6 Kc6 44. f7 Kxc5 45. f8Q 1-0

[Event "Bogota Superate Intercol Adv"]
[Site "Bogota"]
[Date "2014.10.24"]
[Round "6.5"]
[White "Rincon R, Javier Duvan"]
[Black "Pai, Juan David"]
[Result "1-0"]
[WhiteElo "1762"]
[BlackElo "1556"]
[PlyCount "118"]
[EventDate "2014.10.24"]
[EventType "swiss (blitz)"]
[EventRounds "8"]
[EventCountry "COL"]
[SourceTitle "EXT 2024"]
[Source "ChessBase"]
[SourceDate "2023.10.10"]
[SourceVersion "1"]
[SourceVersionDate "2023.10.10"]
[SourceQuality "1"]

1. e4 d6 2. Nf3 Nf6 3. d3 g6 4. c3 Bg7 5. h3 0-0 6. Be3 e5 7. Be2 c6 8. 0-0 Qc7 9. Nbd2 Nbd7 10. d4 Rd8 11. dxe5 Nxe5 12. Nxe5 dxe5 13. Qc2 Be6 14. Rfd1 Rd7 15. Bc4 Bxc4 16. Nxc4 b5 17. Nd2 Rad8 18. f3 a6 19. Nb3 Bf8 20. Kh2 Kg7 21. Bg5 h6 22. Be3 c5 23. c4 b4 24. Rxd7 Rxd7 25. Rd1 Be7 26. Rxd7 Nxd7 27. Qd2 Qd6 28. Bxh6+ Kh7 29. Qxd6 Bxd6 30. Be3 Kg7 31. Na5 Nb6 32. b3 Nd7 33. Nb7 Be7 34. g3 f6 35. Kg2 Kh7 36. f4 Kg7 37. g4 g5 38. fxg5 fxg5 39. Kf3 Kg6 40. Bc1 Kg7 41. Na5 Bd6 42. a3 bxa3 43. Bxa3 Kf7 44. Nb7 Be7 45. Ke3 Kg6 46. Kd3 Kf7 47. Na5 Ke6 48. Kc3 Bd6 49. Nb7 Be7 50. b4 cxb4+ 51. Bxb4 Bxb4+ 52. Kxb4 Nb8 53. Nc5+ Kd6 54. Nd3 Nc6+ 55. Ka4 Kc7 56. c5 Kd7 57. Ka3 Kc7 58. Kb2 Kb7 59. Kc1 a5 1-0

[Event "Bogota Superate Intercol Adv"]
[Site "Bogota"]
[Date "2014.10.23"]
[Round "6.3"]
[White "Calderon Zuta, Nicolas"]
[Black "Rincon R, Javier Duvan"]
[Result "1-0"]
[WhiteElo "1723"]
[BlackElo "1707"]
[PlyCount "35"]
[EventDate "2014.10.23"]
[EventType "swiss (rapid)"]
[EventRounds "6"]
[EventCountry "COL"]
[SourceTitle "EXT 2024"]
[Source "ChessBase"]
[SourceDate "2023.10.10"]
[SourceVersion "1"]
[SourceVersionDate "2023.10.10"]
[SourceQuality "1"]

1. e4 c5 2. Nf3 a6 3. d4 cxd4 4. Nxd4 Nf6 5. Nc3 e5 6. Nb3 Bb4 7. Bc4 Qc7 8. Qd3 b5 9. Bd5 Nxd5 10. exd5 Bxc3+ 11. bxc3 d6 12. 0-0 0-0 13. Kh1 Nd7 14. a4 bxa4 15. Rxa4 Bb7 16. Ba3 a5 17. Rd1 Qb6 18. f4 1-0

[Event "Bogota Superate Intercol Adv"]
[Site "Bogota"]
[Date "2014.10.23"]
[Round "5.3"]
[White "Rincon R, Javier Duvan"]
[Black "Rengifo Jaramillo, David"]
[Result "1-0"]
[WhiteElo "1707"]
[BlackElo "1852"]
[PlyCount "65"]
[EventDate "2014.10.23"]
[EventType "swiss (rapid)"]
[EventRounds "6"]
[EventCountry "COL"]
[SourceTitle "EXT 2024"]
[Source "ChessBase"]
[SourceDate "2023.10.10"]
[SourceVersion "1"]
[SourceVersionDate "2023.10.10"]
[SourceQuality "1"]

1. e4 c5 2. Nf3 d6 3. d4 cxd4 4. Nxd4 Nf6 5. f3 g6 6. c4 Bg7 7. Nc3 Nc6 8. Be3 0-0 9. Qd2 Nxd4 10. Bxd4 Be6 11. Be2 Rc8 12. b3 b6 13. Rc1 Qd7 14. 0-0 Qc6 15. Rfd1 Rfd8 16. Nb5 Qb7 17. Bf1 a6 18. Nc3 Bd7 19. Bxf6 Bxf6 20. Nd5 Bc6 21. Nxf6+ exf6 22. Rc3 Rd7 23. Rd3 Rcd8 24. Qf4 b5 25. Qxf6 bxc4 26. bxc4 Qb6+ 27. Qd4 Qa5 28. R3d2 Ba4 29. Rc1 Qc5 30. Rb1 Qa3 31. Rd3 Qxa2 32. Ra1 Qc2 33. Rc3 1-0

[Event "Bucaramanga Udi Cup"]
[Site "Bucaramanga"]
[Date "2014.10.18"]
[Round "7"]
[White "Carreno Acevedo, Cristian Camil"]
[Black "Rincon R, Javier Duvan"]
[Result "1/2-1/2"]
[WhiteElo "1472"]
[BlackElo "1762"]
[PlyCount "67"]
[EventDate "2014.10.15"]
[EventType "swiss"]
[EventRounds "9"]
[EventCountry "COL"]
[SourceTitle "EXT 2015"]
[Source "ChessBase"]
[SourceDate "2014.11.20"]
[SourceVersion "1"]
[SourceVersionDate "2014.11.20"]
[SourceQuality "1"]

1. e4 c5 2. c3 d5 3. exd5 Qxd5 4. Nf3 Nf6 5. Be2 e6 6. d4 Nc6 7. 0-0 cxd4 8. Nxd4 Nxd4 9. cxd4 Be7 10. Bf3 Qd8 11. Nc3 0-0 12. Be3 Bb4 13. Rc1 Qa5 14. a3 Bxc3 15. Rxc3 Qd8 16. Qd2 Nd5 17. Bxd5 Qxd5 18. Rfc1 b6 19. f3 Ba6 20. R1c2 Rfc8 21. Rxc8+ Rxc8 22. Qc1 Rxc2 23. Qxc2 Qc4 24. Qxc4 Bxc4 25. b4 Bd5 26. Kf2 a5 27. bxa5 bxa5 28. Bd2 a4 29. g4 h6 30. h4 Kh7 31. f4 g6 32. g5 hxg5 33. hxg5 Kg7 34. Ke3 1/2-1/2

[Event "Bucaramanga Udi Cup"]
[Site "Bucaramanga"]
[Date "2014.10.17"]
[Round "5"]
[White "Florez Medina, Vannessa Alejandr"]
[Black "Rincon R, Javier Duvan"]
[Result "0-1"]
[WhiteElo "1598"]
[BlackElo "1762"]
[PlyCount "110"]
[EventDate "2014.10.15"]
[EventType "swiss"]
[EventRounds "9"]
[EventCountry "COL"]
[SourceTitle "EXT 2015"]
[Source "ChessBase"]
[SourceDate "2014.11.20"]
[SourceVersion "1"]
[SourceVersionDate "2014.11.20"]
[SourceQuality "1"]

1. e4 c5 2. Nf3 d6 3. d4 cxd4 4. Nxd4 Nf6 5. Nc3 a6 6. Be2 e6 7. 0-0 Qc7 8. Be3 b5 9. a3 Bb7 10. f3 Nc6 11. Qd2 Rc8 12. Rac1 h5 13. Bd3 Be7 14. h3 Ne5 15. f4 Nc4 16. Bxc4 Qxc4 17. e5 dxe5 18. fxe5 Nd7 19. Bf4 Rd8 20. Qf2 Bc5 21. Nce2 Nb6 22. Be3 Rd7 23. Nb3 Bxe3 24. Qxe3 Na4 25. Na5 Qc7 26. Nxb7 Qxb7 27. b3 Qb6 28. Nd4 Qxd4 29. Qxd4 Rxd4 30. bxa4 Rxa4 31. Rf3 Ke7 32. Rcf1 Rf8 33. Rc3 Rc4 34. Rxc4 bxc4 35. Rb1 Rd8 36. Rb4 Rd1+ 37. Kh2 Rd4 38. Ra4 Re4 39. Rxa6 Rxe5 40. Rc6 Ra5 41. Rxc4 Rxa3 42. Rc7+ Kf6 43. c4 Rc3 44. Kg1 Rc2 45. c5 g5 46. c6 g4 47. hxg4 hxg4 48. g3 Kg6 49. Kf1 f5 50. Ke1 Kf6 51. Kd1 Rc5 52. Kd2 Ke5 53. Ke3 Kd6 54. Rd7+ Kxc6 55. Rd3 Rc4 0-1

[Event "Central America & Caribbean U14"]
[Site "Palmira"]
[Date "2014.10.07"]
[Round "8.6"]
[White "Lopez Sanchez, Christian"]
[Black "Rincon R, Javier Duvan"]
[Result "0-1"]
[WhiteElo "1927"]
[BlackElo "1762"]
[PlyCount "108"]
[EventDate "2014.10.04"]
[EventType "swiss"]
[EventRounds "9"]
[EventCountry "COL"]
[SourceTitle "EXT 2024"]
[Source "ChessBase"]
[SourceDate "2023.10.10"]
[SourceVersion "1"]
[SourceVersionDate "2023.10.10"]
[SourceQuality "1"]

1. d4 Nf6 2. Bg5 e6 3. Nf3 c5 4. e3 b6 5. Bd3 Bb7 6. Nbd2 cxd4 7. exd4 Be7 8. c3 d6 9. 0-0 Nbd7 10. Re1 0-0 11. Qe2 Rc8 12. Ba6 Qc7 13. Bxb7 Qxb7 14. Qd3 Qc7 15. c4 h6 16. Bxf6 Nxf6 17. b4 Rfe8 18. Qb3 Bf8 19. a3 Qb7 20. h3 Qc7 21. a4 Rb8 22. Qd3 Qc6 23. Qa3 a5 24. bxa5 bxa5 25. Rab1 Qc7 26. Rb5 Rxb5 27. axb5 e5 28. d5 Nd7 29. Ra1 Ra8 30. Ne1 g6 31. Nd3 f5 32. Nb4 Nc5 33. Nc6 a4 34. Qb4 Qb6 35. Qc3 Bg7 36. Ra2 Kf7 37. Nb1 h5 38. Qe3 Bf6 39. Nb4 e4 40. Na6 Rxa6 41. bxa6 Qxb1+ 42. Kh2 Be5+ 43. g3 h4 44. Re2 hxg3+ 45. fxg3 Qb6 46. Qh6 Qxa6 47. Qh7+ Bg7 48. Qh4 Qxc4 49. Rd2 Qc3 50. Rg2 Qf6 51. Qf4 Qe5 52. Qd2 Qd4 53. Qc2 Qxd5 54. Rd2 Qb3 0-1

[Event "Central America & Caribbean U14"]
[Site "Palmira"]
[Date "2014.10.07"]
[Round "7.8"]
[White "Rincon R, Javier Duvan"]
[Black "Cejas Morales, Andres Eduardo"]
[Result "1-0"]
[WhiteElo "1762"]
[BlackElo "2088"]
[PlyCount "92"]
[EventDate "2014.10.04"]
[EventType "swiss"]
[EventRounds "9"]
[EventCountry "COL"]
[SourceTitle "EXT 2024"]
[Source "ChessBase"]
[SourceDate "2023.10.10"]
[SourceVersion "1"]
[SourceVersionDate "2023.10.10"]
[SourceQuality "1"]

1. c4 g6 2. g3 Bg7 3. Bg2 d6 4. Nf3 Nf6 5. d3 0-0 6. 0-0 Nbd7 7. Qc2 c6 8. Nc3 e5 9. Bg5 h6 10. Bxf6 Nxf6 11. Rab1 Qc7 12. Rfc1 Be6 13. b4 Rfc8 14. b5 Nd7 15. bxc6 bxc6 16. Nd2 Rab8 17. Rxb8 Rxb8 18. Nb3 f5 19. Qd2 Kh7 20. e4 Nf6 21. Nd5 cxd5 22. cxd5 Qe7 23. dxe6 Re8 24. Qa5 Qxe6 25. Qxa7 Re7 26. Rc7 Rxc7 27. Qxc7 fxe4 28. dxe4 Ne8 29. Qc6 Nf6 30. Qb5 Qg4 31. Qd3 Qd7 32. h3 Qa4 33. Qc2 Qa7 34. Kh2 g5 35. Bf1 Qa4 36. Bc4 Kg6 37. Kg2 h5 38. Bd3 Kh6 39. Bc4 g4 40. h4 Kg6 41. Bd3 Kh7 42. Nd2 Qd4 43. Nb3 Qa4 44. Kh2 Bh6 45. Kg2 Kg7 46. Bc4 Kg6 1-0

[Event "Central America & Caribbean U14"]
[Site "Palmira"]
[Date "2014.10.06"]
[Round "5.9"]
[White "Rincon R, Javier Duvan"]
[Black "Rengifo Jaramillo, David"]
[Result "1/2-1/2"]
[WhiteElo "1762"]
[BlackElo "1852"]
[PlyCount "58"]
[EventDate "2014.10.04"]
[EventType "swiss"]
[EventRounds "9"]
[EventCountry "COL"]
[SourceTitle "EXT 2024"]
[Source "ChessBase"]
[SourceDate "2023.10.10"]
[SourceVersion "1"]
[SourceVersionDate "2023.10.10"]
[SourceQuality "1"]

1. e4 c5 2. Nf3 d6 3. d4 cxd4 4. Nxd4 Nf6 5. Nc3 g6 6. Be3 Bg7 7. f3 0-0 8. Qd2 Nc6 9. 0-0-0 Qa5 10. Bc4 Ne5 11. Bb3 Bd7 12. h4 h5 13. Bg5 Rac8 14. Kb1 Nc4 15. Bxc4 Rxc4 16. Nb3 Qd8 17. e5 Ne8 18. exd6 Nxd6 19. Qxd6 exd6 20. Bxd8 Rxd8 21. Rxd6 Bxc3 22. bxc3 Rxc3 23. Rhd1 Rc7 24. R6d5 Kf8 25. Nc5 Ke7 26. Re1+ Kf8 27. Red1 b6 28. Na6 Rcc8 29. f4 Ke7 1/2-1/2